000 00525cam a22001571 4500
082 _a355.0092755
_bAND
100 1 _aAnderson, John H.
_949348
245 0 0 _aNotes on the life of Stonewall Jackson and on his campaigning in Virginia, 1861-1863.
_cBy J.H. Anderson ...
250 _a2d ed., rev. and enl.
260 _aLondon,
_bH. Rees, Ltd.,
_c1905.
300 _a80 p.
_b13 fold. plans.
_c22 cm.
500 _aPlans in pocket at end.
526 _a0
_b0
_c0
_d355_009275500000000_AND
650 _aMCE
_9379
942 _2ddc
_cBK
999 _c552134
_d552134